Design.
Saved in:
| Institution som forfatter: | |
|---|---|
| Format: | Bog |
| Udgivet: |
Glendale, USA:
Disney Editions,
2010.
|
| Udgivelse: | First Edition. |
| Serier: | The archive series
|
| Fag: | |
| Tags: |
Tilføj Tag
Ingen Tags, Vær først til at tagge denne postø!
|
MARC
| LEADER | 00000nam a22000007a 4500 | ||
|---|---|---|---|
| 003 | CL-VaPUC | ||
| 005 | 20250407202457.0 | ||
| 008 | 250320t2010 ||||| |||| 00| 0 eng d | ||
| 999 | |c 447513 |d 447511 | ||
| 020 | |a 978-1-4231-3420-6 | ||
| 040 | |c Pontificia Universidad Católica de Valparaíso | ||
| 082 | 0 | 4 | |a 741.58 WAL 2010 |2 22 |
| 110 | |9 897074 |a Walt Disney Animation Studios. | ||
| 245 | |a Design. | ||
| 250 | |a First Edition. | ||
| 260 | |a Glendale, USA: |b Disney Editions, |c 2010. | ||
| 300 | |a 287 páginas : |b ilustraciones. | ||
| 490 | |a The archive series | ||
| 500 | |a c.1. Instituto Arcos 8-1-2025. | ||
| 583 | |c 20250318 |k GC | ||
| 610 | 2 | 0 | |a Walt Disney Company. |9 897072 |
| 650 | 0 | |a Películas animadas |z Estados Unidos |9 896916 | |
| 650 | 0 | |a Animación (Cinematografía) |9 897009 | |
| 942 | |2 ddc |c BK |n 0 | ||
| 952 | |0 0 |1 0 |2 ddc |4 0 |6 741_580000000000000_WAL_2010 |7 0 |8 A |9 601629 |a BIBINC |b BIBINC |d 2025-03-20 |e Instituto Arcos |i 5666471 |l 1 |m 1 |o 741.58 WAL 2010 |p 5666471 |q 2025-05-04 |r 2025-04-21 |s 2025-04-21 |t 1 |w 2025-03-20 |y BK |k IFP | ||